000 00897nam a22002177a 4500
003 JO-AjAnu
005 20250722102839.0
008 250721b jo ||||| |||| 00| 0 ara d
020 _a9789923232071
040 _aJO-AjAnu
_bara
_cJO-AjAnu
_dJO-AjAnu
_erda
041 _aara
_hara
050 _aHD66.A2884
_b2024
100 1 _aابو عاشور، ثائر خالد رضا
_eمؤلف
_966611
245 0 _aالإجتماعات وفرق العمل : تنظيم .. ادارة واستراتيجيات .. تميز /
_cتأليف ثائر خالد رضا ابو عاشور
250 _aالطبعة الاولى
260 _aعمان :
_bدار الخليج للنشر والتوزيع،
_c2024
300 _a226 صفحة
504 _aيحتوي على مراجع
650 7 0 _aفرق العمل-تنظيم العمل-العمل الاجتماعي-الادارة.
_966614
942 _2lcc
_cBK
_n0
999 _c33957
_d33957